Sports Quiz

Random Sports Quiz
Score 0/51 Timer 10:00
0 Plays Today
Year Team % Correct
2017New England Patriots
92.4%
2015New England Patriots
90.4%
2014Seattle Seahawks
89.4%
2016Denver Broncos
89.1%
1967Green Bay Packers
88.1%
1968Green Bay Packers
86.1%
2004New England Patriots
84.5%
2013Baltimore Ravens
84.5%
2009Pittsburgh Steelers
84.2%
2002New England Patriots
83.8%
2011Green Bay Packers
83.8%
2005New England Patriots
83.5%
2008New York Giants
83.5%
2012New York Giants
83.5%
2010New Orleans Saints
83.2%
2007Indianapolis Colts
82.5%
2000St. Louis Rams
80.2%
1994Dallas Cowboys
79.2%
2006Pittsburgh Steelers
78.5%
1993Dallas Cowboys
78.2%
1996Dallas Cowboys
76.9%
1969New York Jets
76.2%
1998Denver Broncos
74.6%
1999Denver Broncos
74.3%
2003Tampa Bay Buccaneers
73.6%
2001Baltimore Ravens
72.6%
Year Team % Correct
1997Green Bay Packers
71.9%
1995San Francisco 49ers
71.6%
1970Kansas City Chiefs
70.3%
1976Pittsburgh Steelers
69.6%
1990San Francisco 49ers
69.6%
1973Miami Dolphins
69.3%
1975Pittsburgh Steelers
69.3%
1989San Francisco 49ers
69%
1992Washington Redskins
68%
1991New York Giants
67%
1979Pittsburgh Steelers
66.7%
1985San Francisco 49ers
66.7%
1980Pittsburgh Steelers
66%
1982San Francisco 49ers
66%
1978Dallas Cowboys
65.7%
1986Chicago Bears
65.7%
1974Miami Dolphins
65%
1972Dallas Cowboys
63.4%
1977Oakland Raiders
62%
1988Washington Redskins
62%
1983Washington Redskins
61.7%
1971Baltimore Colts
61.4%
1981Oakland Raiders
61.1%
1987New York Giants
61.1%
1984Los Angeles Raiders
59.7%

You're not logged in!

Compare scores with friends on all Sporcle quizzes.
OR
Log In

Sporcle TV

Today on Sporcle TV


Watch our educational content, quiz creation guides, and fun videos on Sporcle TV.

Show Comments

Extras

Created Feb 8, 2017ReportNominate
Tags:champion, Defeated, Super Bowl, team

Top Quizzes Today


Score Distribution

Paid Content

Your Account Isn't Verified!

In order to create a playlist on Sporcle, you need to verify the email address you used during registration. Go to your Sporcle Settings to finish the process.

Report this User

Report this user for behavior that violates our Community Guidelines.

Details: